Hockey Leagues - Statistics

General Stats
  • This quiz has been taken 36 times
  • The average score is 9 of 10
Answer Stats
Hint Answer % Correct
KHL Russia/Belarus/Kazakhstan/China
100%
NHL USA/Canada
100%
AHL USA/Canada
100%
ECHL USA/Canada
100%
OHL/WHL/QMJHL USA/Canada
100%
LIIGA Finland
97%
SHL Sweden
97%
DEL Germany
87%
National league Switzerland
80%
ICE hockey league Austria/Italy/Hungray/Slovenia
77%
No matching quizzes found
Score Distribution
Percent of People with Each Score
Percentile by Number Answered
Your Score History
You have not taken this quiz